000 00807nab a2200241u 4500
001 15418
003 HDC
007 c| |||a|c|aaaa
008 210217b20121208my ||||| |||| 00| 0 may d
040 _aHDC
100 _aSUFFIAN A BAKAR /
_eauthor
_97744
245 0 _aEksport produk halal negara RM24.4 bilion /
_cSUFFIAN A BAKAR
336 _atext
_2rdacontent
337 _acomputer
_2rdamedia
338 _aonline resource
_2rdacarrier
650 _aHalal Development Corporation (HDC)
_98170
650 _ahalal products export
_99102
710 _aBERITA HARIAN
856 _zRequest full-text at [email protected]
942 _2lcc
942 _cNEWS
942 _kNWSC 003700
999 _c12734
_d12734